La estructura de la clase obrera : de los países capitalistas : (Registro nro. 4372)
[ vista simple ]
| 000 -LEADER | |
|---|---|
| fixed length control field | 01072nam a2200241Ia 4500 |
| 003 - CONTROL NUMBER IDENTIFIER | |
| control field | OSt |
| 005 - DATE AND TIME OF LATEST TRANSACTION | |
| control field | 20200723153809.0 |
| 008 - FIXED-LENGTH DATA ELEMENTS--GENERAL INFORMATION | |
| fixed length control field | 191128s1963 xr gr 000 0 spa d |
| 040 ## - CATALOGING SOURCE | |
| Original cataloging agency | CO-JMCR |
| Transcribing agency | CO-JMCR |
| 041 0# - LANGUAGE CODE | |
| Language code of text/sound track or separate title | spa |
| 082 04 - DEWEY DECIMAL CLASSIFICATION NUMBER | |
| Classification number | 331.117 / |
| Item number | R454e |
| Edition number | 23 |
| 110 1# - MAIN ENTRY--CORPORATE NAME | |
| Corporate name or jurisdiction name as entry element | Revista internacional |
| 9 (RLIN) | 7704 |
| 245 13 - TITLE STATEMENT | |
| Title | La estructura de la clase obrera : de los países capitalistas : |
| Remainder of title | materiales del intercambio de opiniones organizado por Revista Internacional (problemas de la paz y del socialismo) 1960-1961 / |
| Statement of responsibility, etc. | Revista internacional |
| 260 ## - PUBLICATION, DISTRIBUTION, ETC. | |
| Place of publication, distribution, etc. | Praga : |
| Name of publisher, distributor, etc. | Paz y Socialismo, |
| Date of publication, distribution, etc. | 1963. |
| 260 ## - PUBLICATION, DISTRIBUTION, ETC. | |
| Date of publication, distribution, etc. | 1963 |
| 300 ## - PHYSICAL DESCRIPTION | |
| Extent | 351 páginas ; |
| Dimensions | 20 cm. |
| 490 0# - SERIES STATEMENT | |
| Series statement | Discusiones internacionales de marxisistas |
| 505 0# - FORMATTED CONTENTS NOTE | |
| Formatted contents note | Encuesta ( respuesta de la asociación norteamericana de investigación laborales, la revita inglesa Marsxim Today, el instituto económico Aleman y la revista austríaca Die Arbeit) -- Discusiones del problema -- Revista Var Tid (Suecia) |
| 650 14 - SUBJECT ADDED ENTRY--TOPICAL TERM | |
| Topical term or geographic name entry element | Trabajo |
| 9 (RLIN) | 7705 |
| 650 24 - SUBJECT ADDED ENTRY--TOPICAL TERM | |
| Topical term or geographic name entry element | Trabajadores |
| 9 (RLIN) | 7706 |
| 650 24 - SUBJECT ADDED ENTRY--TOPICAL TERM | |
| Topical term or geographic name entry element | Capitalismo |
| 9 (RLIN) | 7707 |
| 942 ## - ADDED ENTRY ELEMENTS (KOHA) | |
| Source of classification or shelving scheme | Dewey Decimal Classification |
| Koha item type | Books |
| Withdrawn status | Lost status | Source of classification or shelving scheme | Materials specified (bound volume or other part) | Damaged status | Not for loan | Home library | Current library | Shelving location | Date acquired | Source of acquisition | Full call number | Barcode | Date last seen | Copy number | Price effective from | Koha item type |
|---|---|---|---|---|---|---|---|---|---|---|---|---|---|---|---|---|
| Dewey Decimal Classification | Donación--15/10/2018-- | Biblioteca Pública José María del Castillo y Rada | Biblioteca Pública José María del Castillo y Rada | General Stacks | 11/28/2019 | Donación | 331.117 / R454e | 201809222 | 05/16/2024 | Ej.1 | 11/28/2019 | Books |